LEADER 03106nam0 22006133i 450 001 VAN0218332 005 20230606025953.936 017 70$2N$a9783030183790 100 $a20210928d2019 |0itac50 ba 101 $aeng 102 $aCH 105 $a|||| ||||| 200 1 $aQuantum versus Classical Mechanics and Integrability Problems$etowards a unification of approaches and tools$fMaciej B?aszak 210 $aCham$cSpringer$d2019 215 $axiii, 460 p.$cill.$d24 cm 500 1$3VAN0218334$aQuantum versus Classical Mechanics and Integrability Problems : towards a unification of approaches and tools$92779749 606 $a81-XX$xQuantum theory [MSC 2020]$3VANC019967$2MF 606 $a37-XX$xDynamical systems and ergodic theory [MSC 2020]$3VANC020363$2MF 606 $a70Hxx$xHamiltonian and Lagrangian mechanics [MSC 2020]$3VANC021315$2MF 606 $a53D50$xGeometric quantization [MSC 2020]$3VANC024116$2MF 606 $a37J35$xCompletely integrable finite-dimensional Hamiltonian systems, integration methods, integrability tests [MSC 2020]$3VANC029280$2MF 606 $a70H06$xCompletely integrable systems and methods of integration for problems in Hamiltonian and Lagrangian mechanics [MSC 2020]$3VANC029282$2MF 606 $a81S10$xGeometry and quantization, symplectic methods [MSC 2020]$3VANC035271$2MF 606 $a53D55$xDeformation quantization, star products [MSC 2020]$3VANC035404$2MF 606 $a81S08$xCanonical quantization [MSC 2020]$3VANC036143$2MF 606 $a81Q80$xSpecial quantum systems, such as solvable systems [MSC 2020]$3VANC036366$2MF 610 $aBosonic systems$9KW:K 610 $aClassical integrable systems$9KW:K 610 $aDeformation quantization$9KW:K 610 $aGeometric deformation$9KW:K 610 $aHamilton-Jacobi Theory$9KW:K 610 $aIntegrable Systems$9KW:K 610 $aLie derivative$9KW:K 610 $aLinear tensor algebra$9KW:K 610 $aLiouville integrable systems$9KW:K 610 $aQuantum Trajectory$9KW:K 610 $aQuantum integrability$9KW:K 610 $aQuantum integrable systems$9KW:K 610 $aRiemannian spaces$9KW:K 610 $aSeparability theory$9KW:K 610 $aStaeckel systems$9KW:K 610 $aSymplectic manifolds$9KW:K 610 $aTensor fields$9KW:K 620 $aCH$dCham$3VANL001889 700 1$aBlaszak$bMaciej$3VANV041677$0346858 712 $aSpringer $3VANV108073$4650 801 $aIT$bSOL$c20240614$gRICA 856 4 $uhttp://doi.org/10.1007/978-3-030-18379-0$zE-book ? Accesso al full-text attraverso riconoscimento IP di Ateneo, proxy e/o Shibboleth 899 $aBIBLIOTECA DEL DIPARTIMENTO DI MATEMATICA E FISICA$1IT-CE0120$2VAN08 912 $fN 912 $aVAN0218332 950 $aBIBLIOTECA DEL DIPARTIMENTO DI MATEMATICA E FISICA$d08CONS e-book 4001 $e08eMF4001 20210928 996 $aQuantum versus Classical Mechanics and Integrability Problems : towards a unification of approaches and tools$92779749 997 $aUNICAMPANIA LEADER 02610nam2 2200433 i 450 001 VAN00021138 005 20250415082125.668 010 $a978-01-985004-8-3 100 $a20061101d2000 |0itac50 ba 101 $aeng 102 $aUS 105 $a|||| ||||| 181 $ai$b e 182 $an 183 $anc 200 1 $aˆ1: ‰Propositional calculus, boolean algebras, predicate calculus, completeness theorems$fRené Cori and Daniel Lascar$gtranslated by Donald H. Pelletier 210 $aOxford$cOxford University$d2000 215 $aXIX, 338 p.$cill.$d24 cm 461 1$1001VAN00021135$12001 $aMathematical logic$ea course with exercises$fRené Cori and Daniel Lascar$gtranslated by Donald H. Pelletier$1210 $aOxford$cOxford University$d2000-2001$1215 $a2 volumi$d24 cm$v1 606 $a03-XX$xMathematical logic and foundations [MSC 2020]$3VANC019750$2MF 606 $a03B05$xClassical propositional logic [MSC 2020]$3VANC021402$2MF 606 $a03B10$xClassical first-order logic [MSC 2020]$3VANC024530$2MF 606 $a03G05$xLogical aspects of Boolean algebras [MSC 2020]$3VANC024493$2MF 620 $aGB$dOxford$3VANL000020 700 1$aCori$bRené$3VANV056270$0730905 701 1$aLascar$bDaniel$3VANV043560$059898 702 1$aPelletier$bDonald H.$3VANV084057 712 $aOxford University $3VANV107944$4650 790 1$aPelletier, D. H.$zPelletier, Donald H.$3VANV246781 790 1$aPelletier, D.H.$zPelletier, Donald H.$3VANV246782 801 $aIT$bSOL$c20260206$gRICA 856 4 $uhttps://books.google.it/books?id=Cle6_dOLt2IC&pg=PP1&dq=Mathematical+Logic,+a+course+with+exercises+cori&hl=it&sa=X&ved=0ahUKEwiRjKvWpI3TAhUJORoKHaIbCHAQ6AEIKzAC#v=onepage&q=Mathematical%20Logic%2C%20a%20course%20with%20exercises%20cori&f=f$zPreview 912 $aVAN00021138 950 $aBIBLIOTECA DEL DIPARTIMENTO DI MATEMATICA E FISICA$d08CONS 03-XX 0916 $e08 5503 I a 20061101 950 $aBIBLIOTECA DEL DIPARTIMENTO DI MATEMATICA E FISICA$d08PREST 03-XX 0916 $e08NS 273 I b 20070709 950 $aBIBLIOTECA DEL DIPARTIMENTO DI MATEMATICA E FISICA$d08PREST 03-XX 0916 $e08NS 274 I c 20070709 950 $aBIBLIOTECA DEL DIPARTIMENTO DI MATEMATICA E FISICA$d08PREST 03-XX 0916 $e08 5900 I d 20061101 996 $aPropositional calculus, boolean algebras, predicate calculus, completeness theorems$91520529 997 $aUNICAMPANIA